000
00296nam a2200121Ia 4500
008
230822s2006 xx 000 0 und d
020
_a
9780000000000
041
_a
eng
100
_a
RIX M.
245
_a
SUBTROPICAL AND DRY CLIMATE PLANTS.
260
_b
OCTOPUS PUBLISHING
_c
2006
300
_a
117
999
_c
860801
_d
860801